Los mitos del quijote

Spremljeno u:
Bibliografski detalji
Glavni autor: Fernández Suárez, Alvaro (Autor)
Format: Knjiga
Jezik:španjolski
Izdano: Madrid Aguilar 1953
Serija:Colección Literaria
Teme:
Oznake: Dodaj oznaku
Bez oznaka, Budi prvi tko označuje ovaj zapis!

MARC

LEADER 00000nam a2200000 a 4500
001 UCH0098
003 CL-VaPUC
008 090108e19530000SP |||||||||||||||||spa|d
082 0 4 |a 863  |b FER  |2 21 
100 |a Fernández Suárez, Alvaro  |e author  |9 534181 
245 1 4 |a Los mitos del quijote 
300 |a 199 p 
942 |c BK 
945 |d 20090108 00:00:00  |a jtorresc 
260 |a Madrid  |b Aguilar  |c 1953 
650 0 |a Literatura española  |9 306261 
650 0 |a Ensayos españoles  |9 313128 
583 |a last modification  |c 20121217 04:28:58  |k Rodrigo Vera 
490 0 |a Colección Literaria 
999 |c 332479  |d 332477 
952 |0 0  |1 0  |4 0  |6 863_000000000000000_FER_1953  |7 0  |8 A  |9 420199  |a FDOPOS  |b FDOPOS  |d 2019-11-22  |i 4508300  |o 863 FER 1953  |p 4508300  |r 2025-01-22  |w 2019-11-22  |y BK  |k MLH